000
00229nam a2200097Ia 4500
008
240331s9999 xx 000 0 und d
082
_b
MEE
100
_a
Meenachchi,Y
245
0
_a
Indiyarkaladu elangai valkayin nelaimai
942
_c
L
999
_c
4767
_d
4767